[Event "Cesenatico op 9th"]
[Site "Cesenatico"]
[Date "2004.09.11"]
[Round "8"]
[White "Braga, Giancarlo"]
[Black "Lombardini, Giulio"]
[Result "0-1"]
[WhiteElo "1461"]
[BlackElo "2072"]
[PlyCount "102"]
[EventDate "2004.09.04"]
[EventType "swiss"]
[EventRounds "9"]
[EventCountry "ITA"]
[SourceTitle "EXT 2007"]
[Source "ChessBase"]
[SourceDate "2006.11.23"]
[SourceVersion "1"]
[SourceVersionDate "2006.11.23"]
[SourceQuality "1"]

1. e4 c5 2. Nf3 d6 3. Nc3 Nf6 4. d3 g6 5. Be2 Bg7 6. 0-0 0-0 7. Bg5 Nc6 8. Qd2 a6 9. Bh6 b5 10. Bxg7 Kxg7 11. d4 b4 12. e5 Ne8 13. Na4 Qa5 14. b3 cxd4 15. exd6 Nxd6 16. Nxd4 Bb7 17. Bf3 Rac8 18. Rfe1 Rfe8 19. Re2 Kg8 20. Nxc6 Bxc6 21. Qe3 Nf5 22. Qb6 Qxb6 23. Nxb6 Bxf3 24. gxf3 Rc6 25. Nd5 a5 26. Kg2 Kg7 27. Rae1 e6 28. Rd2 Rec8 29. Ne3 Nxe3+ 30. fxe3 Rxc2 31. Ree2 Rxd2 32. Rxd2 Kf6 33. Kg3 h5 34. h4 Ke5 35. Kf2 Rc3 36. f4+ Kf5 37. Kf3 f6 38. Rc2 e5 39. Rd2 e4+ 40. Kf2 Kg4 41. Rd6 Rc2+ 42. Ke1 Kf3 43. Rxf6 Kxe3 44. Kd1 Rxa2 45. Kc1 Rf2 46. Rxg6 Rxf4 47. Rg5 Rxh4 48. Rxa5 Ke2 49. Rc5 e3 50. Rc4 Rxc4+ 51. bxc4 Kf2 0-1

[Event "Cesenatico op 9th"]
[Site "Cesenatico"]
[Date "2004.09.10"]
[Round "7"]
[White "Maddaloni, Giovanni"]
[Black "Lombardini, Giulio"]
[Result "1-0"]
[WhiteElo "1849"]
[BlackElo "2072"]
[PlyCount "74"]
[EventDate "2004.09.04"]
[EventType "swiss"]
[EventRounds "9"]
[EventCountry "ITA"]
[SourceTitle "EXT 2007"]
[Source "ChessBase"]
[SourceDate "2006.11.23"]
[SourceVersion "1"]
[SourceVersionDate "2006.11.23"]
[SourceQuality "1"]

1. e4 c5 2. Nc3 d6 3. g3 Nf6 4. Bg2 g6 5. d3 Bg7 6. h4 Nc6 7. Nh3 e6 8. 0-0 a6 9. Be3 Nd4 10. f3 h5 11. Ng5 Nd7 12. Bh3 Ne5 13. Ne2 Nec6 14. c3 Nxe2+ 15. Qxe2 e5 16. Rad1 Qe7 17. Bxc8 Rxc8 18. Kg2 f6 19. Nh3 Bh6 20. f4 Kd8 21. b4 Kc7 22. bxc5 dxc5 23. Rb1 b6 24. Rb2 b5 25. Rfb1 Rb8 26. Qf2 Bf8 27. fxe5 Nxe5 28. Nf4 Nxd3 29. Nd5+ Kb7 30. Nxe7 Nxf2 31. Nxg6 Rg8 32. Nxf8 Nxe4 33. Bh6 Rh8 34. Nd7 Rbd8 35. Bg7 Rhg8 36. Nxf6 Nxg3 37. Nxg8 Rxg8 1-0

[Event "Cesenatico op 9th"]
[Site "Cesenatico"]
[Date "2004.09.09"]
[Round "6"]
[White "Lombardini, Giulio"]
[Black "Russo, Carmelo"]
[Result "1-0"]
[WhiteElo "2072"]
[BlackElo "1835"]
[PlyCount "65"]
[EventDate "2004.09.04"]
[EventType "swiss"]
[EventRounds "9"]
[EventCountry "ITA"]
[SourceTitle "EXT 2007"]
[Source "ChessBase"]
[SourceDate "2006.11.23"]
[SourceVersion "1"]
[SourceVersionDate "2006.11.23"]
[SourceQuality "1"]

1. e4 c5 2. Nf3 d6 3. d4 cxd4 4. Nxd4 Nf6 5. Nc3 g6 6. f3 Bg7 7. Nb3 Nc6 8. Qe2 0-0 9. Be3 Be6 10. 0-0-0 a5 11. Na4 Nb4 12. Kb1 Rc8 13. c3 Nxa2 14. Kxa2 b5 15. Qxb5 Rb8 16. Bb6 Qd7 17. c4 Qxb5 18. cxb5 Nd7 19. Be3 Rfc8 20. Ka3 Ne5 21. Rc1 Rxc1 22. Bxc1 Nc4+ 23. Bxc4 Bxc4 24. b6 Be5 25. f4 Bxf4 26. Bxf4 Bd3 27. Re1 Rc8 28. Nxa5 d5 29. Bd2 Bb5 30. b7 Rd8 31. Rc1 Bd7 32. Rc7 Be6 33. Nc6 1-0